000 00344pab a2200145 454500
008 180718b1984 xxu||||| |||| 00| 0 eng d
100 _aSen, P.C.
245 _aRehabilitation of sick private units
260 _c1984
300 _a290-3
362 _aJuly-Sept.
650 _aIndustry - India
773 _aState Enterprise
909 _a10570
999 _c10570
_d10570